000 00941nam a2200301Ia 4500
003 OSt
005 20221007123556.0
006 a|||||r|||| 00| 0
007 ta
008 221006b |||||||| |||| 00| 0 eng d
020 _a0471941867 (pbk)
024 _a16098
037 _b112/05-06, 20/10/2005, N R Book Distributors
_cTextual
040 _aPAPL
_cPAPL
_beng
041 _2eng
_aeng
082 _aCN30, M4;1-;3 Carpa
100 _aMandl F
_9631603
245 0 _aQuantum field theory
_b Shaw G
260 _aChichester
_bJohn Wiley & Sons
_c1984
300 _axiv, 358p.
_ccm.
500 _aAppendix A-B, 331-353p.; Index 355-358p.
650 _a Field theory
650 _a Quantum field theory
650 _aPhysics
700 _a Shaw G
_9716276
942 _hCN30, M4;1-;3 Carpa
_cTEXL
_2CC
999 _c1212131
_d1212131